00827nam a22002177a 4500010001300000020002300013035001300036037001600049040001200065082001500077110006000092245011300152250001100265260006300276300002000339650002900359650005200388942002400440999001900464952012600483 aB-181216 a8186623442c750.00 aB-181216 aCen Lib/Ret aDPLbEN a637.1bMOD bIndia. National Institute of Industrial Research998314 aModern technology of milk processing and dairy productscby National Institute of Industrial Research, India a2nd ed aNew DelhibNational Institute of Industrial Researchc2005 a501p b24cm(Hb) a Dairy products. 934044 aDairy products -- India -- Directories.9112186 2ddccENh637.1mMOD c136152d136152 00104070aLbLd2015-12-21eCen Lib/Retg750.00l0o637.1 MODpB-181216r2015-12-21 00:00:00t1v750.00w2015-12-21yEN